01087nam a2200193Ia 4500001001100000003001000011008004100021040002500062041001300087100001700100245003700117250001100154260005000165300001200215500026600227501011400493520026600607650002000873L301-56366IT-CnALBA170116s9999||||xx |||||||||||||| ||und|| aIT-CnALBAcIT-CnALBA aITALIANO aLINN MATTHEW 0aGUARIRE LA FERITA PIÙ GRANDE.  a1a ed. a UDINEbSEGNO, EDIZIONI c1998 [1° Ed.:1998] a236 p.  aNEL SEGNO DEL MISTERO. TRADUZIONE DALL'INGLESE. GUARIGIONE ATTRAVERSO LA SOFFERENZA. PER LA PERSONA CHE È LA PIÙ VICINO A NOI. STADI DELLA SOFFERENZA. PREGHIERA PER LA PERSONA AMTA. AMORE PIÙ FORTE DELLA MORTE. PER I DEFUNTI. SPIRITISMO. PREGHIERA PER I D aSocietà San Paolo EM - Piazza San Paolo, 14 - 12051 ALBA (CN) (non commercial uses only) ® Copyright 2017 aNEL SEGNO DEL MISTERO. TRADUZIONE DALL'INGLESE. GUARIGIONE ATTRAVERSO LA SOFFERENZA. PER LA PERSONA CHE È LA PIÙ VICINO A NOI. STADI DELLA SOFFERENZA. PREGHIERA PER LA PERSONA AMTA. AMORE PIÙ FORTE DELLA MORTE. PER I DEFUNTI. SPIRITISMO. PREGHIERA PER I D aSCIENZE SOCIALI